NLSUI OPAC header image

Corporate control , corporate power : A twentieth century fund study (Record no. 18949)

MARC details
000 -LEADER
fixed length control field 00521nam a2200157Ia 4500
008 - FIXED-LENGTH DATA ELEMENTS--GENERAL INFORMATION
fixed length control field 160316s1993 xxu||||| |||| 00| 0 eng d
082 ## - DEWEY DECIMAL CLASSIFICATION NUMBER
Classification number 346.066000
Item number HER
100 ## - MAIN ENTRY--PERSONAL NAME
Personal name Herman Edwards
245 ## - TITLE STATEMENT
Title Corporate control , corporate power : A twentieth century fund study
250 ## - EDITION STATEMENT
Edition statement
260 ## - PUBLICATION, DISTRIBUTION, ETC.
Place of publication, distribution, etc. Cambridge
Name of publisher, distributor, etc. Cambridge University Press
Date of publication, distribution, etc. 1993
300 ## - PHYSICAL DESCRIPTION
Extent 432p
Other physical details
Dimensions
365 ## - TRADE PRICE
Price amount
650 ## - SUBJECT ADDED ENTRY--TOPICAL TERM
Topical term or geographic name entry element 1. Corporations - U S A <br/>2. Corporations - Social Aspects - U S A <br/>3. Corporations - State Relations - U S A
700 ## - ADDED ENTRY--PERSONAL NAME
Personal name
--
Holdings
Withdrawn status Lost status Damaged status Not for loan Home library Current library Shelving location Date acquired Total Checkouts Full call number Barcode Date last seen Price effective from Koha item type
        . . Xerox Bound Volumes 30.05.2017   346.066 HER XB1291 30.05.2017 30.05.2017 Rare collections